Roman to Greek Gods - Statistics

General Stats
  • This quiz has been taken 185 times
  • The average score is 9 of 10
Answer Stats
Roman Greek % Correct
Jupiter Zeus
99%
Neptune Poseidon
98%
Venus Aphrodite
94%
Pluto Hades
94%
Juno Hera
94%
Mercury Hermes
93%
Minerva Athena
92%
Cupid Eros
87%
Bacchus Dionysus
85%
Faunus Pan
81%
No matching quizzes found
Score Distribution
Percent of People with Each Score
Percentile by Number Answered
Your Score History
You have not taken this quiz